000 00253nam a2200097Ia 4500
082 _aJ 956.94 MASO
245 0 _aIsrael and Palestine
100 _a MASON, Paul Tarrytown, 2009
_961449
942 _cBK
008 210817s9999 xx 000 0 und d
999 _c193508
_d193507